Maria de Magdala (Registo nº 6100)

Detalhes MARC
000 -Etiqueta do registo
Valores 00505nam a2200181 4500
010 ## - Número ISBN
ISBN 9728645309
021 ## - Número do Depósito Legal
Número 233666/05
100 ## - Dados gerais de processamento
Dados gerais 20070118d2005 m y0pory5003 ba
200 1# - Titulo e menção de responsabilidade
Título próprio Maria de Magdala
Informação de outro título fábula gnóstica
Primeira menção de responsabilidade Armando Nascimento Rosa
205 ## - Menção da edição
Edição [1ª ed.]
210 #9 - Publicação
Local de publicação Lisboa
Nome do editor Parceria António Maria Pereira,
Data de publicação 2005
215 ## - Descrição física 
Paginação / Volumes 70 p.
Dimensões 21 cm
675 ## - CDU
Notação 821.134.3-2
Edição PT
Língua por
700 #1 - Autor principal (pessoa individual)
Apelido Rosa,
Nome Armando Nascimento,
Datas 1966-
801 #0 - Fonte de origem
País PT
Agência BMVN
Regras de catalogação RPC
990 ## - Elementos KOHA
Tipo de documento Livro
Exemplares
Situação do levantamento Biblioteca de origem Código de barras Cota Permissão de empréstimo Tipo de documento Forma de aquisição
  Biblioteca Escola Secundária de Vendas Novas 200000002157 LP ROS/MAR   Livro  

Powered by Koha